PRACTICAL INSTRUMENTAL ANALYSIS LABORATORY MANUAL (Record no. 8988)

MARC details
000 -LEADER
fixed length control field 00554nam a22001817a 4500
005 - DATE AND TIME OF LATEST TRANSACTION
control field 20251127182701.0
008 - FIXED-LENGTH DATA ELEMENTS--GENERAL INFORMATION
fixed length control field 251125b |||||||| |||| 00| 0 eng d
020 ## - INTERNATIONAL STANDARD BOOK NUMBER
ISBN 978-81-932450-7-1
041 ## - LANGUAGE CODE
Language code of text/sound track or separate title eng
082 ## - DEWEY DECIMAL CLASSIFICATION NUMBER
Classification number 543.07SRI-P
100 ## - MAIN ENTRY--AUTHOR NAME
Personal name SRIVASTAVA, DR. BAJARANG BALI LAL & MISHRA, DR. AMARNATH & WOYESSA, WORKENEH
245 ## - TITLE STATEMENT
Title PRACTICAL INSTRUMENTAL ANALYSIS LABORATORY MANUAL
250 ## - EDITION STATEMENT
Edition statement RE. PRINT ED. 2023
260 ## - PUBLICATION, DISTRIBUTION, ETC. (IMPRINT)
Place of publication NEW DELHI
Name of publisher INNOVATIVE PUBLICATIONS
Year of publication 2023
300 ## - PHYSICAL DESCRIPTION
Number of Pages 37;P
650 ## - SUBJECT ADDED ENTRY--TOPICAL TERM
Topical Term PHARMACY
General subdivision B.PHARMA
942 ## - ADDED ENTRY ELEMENTS (KOHA)
Koha item type Books
Holdings
Lost status Damaged status Collection code Home library Current library Shelving location Date acquired Source of acquisition Cost, normal purchase price Full call number Accession Number Koha item type
    PHARMACY JRU Library JRU Library SHELF-3-E 14/11/2025 PURCHASE 2023.00 543.07 29099 Books